000 00408nam a2200157Ia 4500
008 241228s9999 xx 000 0 und d
020 _a9781032154923 | 9781032154930
082 _a006.35 GAR/N
100 _aGarg, Muskan
245 0 _aNatural language processing and information retrieval :
260 _aBoca Raton,
260 _bCRC Press,
260 _c2024
300 _axviii, 251p.
942 _cBK
999 _c40083
_d40083